• 首页
  • 本馆介绍
  • 公告通知
  • 最新文献
  • 馆藏检索
  • 电子资源
  • 读者导购
  • 参考咨询
  • 我的图书馆
  • 登录
  • 详细信息显示
  • 放入我的书架
  • 预约/预借图书
  • 作者相关作品
  • 分类相关作品
  • 丛书相关作品
  • 出版社相关作品

书目信息

  • 表格格式
  • 工作单格式
  • 卡片格式
题名:
食品加工卫生120问
    
 
作者: 马会来 主编
分册:  
出版信息: 长春   吉林人民出版社  2005
页数: 148页
开本: 21cm
丛书名: 卫生防疫丛书
单 册:
中图分类: R155.5 , TS201.6
科图分类:
主题词: 食品卫生--卫生管理--问答 , 食品卫生 , 卫生管理 , 食品加工--卫生管理--问答 , 食品加工
电子资源:
ISBN: 7-206-02754-7
000 00962oam2 2200325 45
001 012006021426
005 20070709090337.46
010    @a7-206-02754-7@dCNY16.00
092    @aCN@b475175
100    @a20060214d2005 em y0chiy0121 ea
101 0  @achi
102    @aCN@b220000
105    @ay z 000yy
200 1  @a食品加工卫生120问@9shi pin jia gong wei sheng 120 wen@f马会来[等]主编
205    @a2版
210    @a长春@c吉林人民出版社@d2005
215    @a148页@d21cm
225 2  @a卫生防疫丛书@v之一
330    @a本书采用问答形式,对食品、食品加工、食品卫生及食品企业的卫生管理等方面的知识做了较详细的叙述。
461  0 @12001 @a卫生防疫丛书
606 0  @a食品卫生@x卫生管理@x问答
606 0  @a食品卫生
606 0  @a卫生管理
606 0  @a食品加工@x卫生管理@x问答
606 0  @a食品加工
690    @aR155.5@v4
690    @aTS201.6@v4
701  0 @a马会来@9ma hui lai@4主编
801  0 @aCN@bLZJBOOK@c20070709
905    @a10447@dR155.5@e72=2
    
    食品加工卫生120问/马会来[等]主编.-2版.-长春:吉林人民出版社,2005
    148页;21cm.-(卫生防疫丛书;之一)
    
    
    ISBN 7-206-02754-7:CNY16.00
    本书采用问答形式,对食品、食品加工、食品卫生及食品企业的卫生管理等方面的知识做了较详细的叙述。
●
相关链接 在E读中查询图书 在五车中查询图书 在当当中查询图书 在豆瓣中查询图书


正题名:食品加工卫生120问     索取号:R155.5/72=2         预约/预借

序号 登录号 条形码 馆藏地/架位号 状态 备注
1 0564817   205648174   第二样本阅览室/ [索取号:R155.5/72=2] 在馆    
2 0564818   205648183   教育系资料室/ [索取号:R155.5/72=2] 在馆    
3 0564819   205648192   教育系资料室/ [索取号:R155.5/72=2] 在馆    
4 0564820   205648209   第三借阅区/ [索取号:R155.5/72=2] 在馆    
5 0564821   205648218   第三借阅区/ [索取号:R155.5/72=2] 在馆    
6 0564822   205648227   教育系资料室/ [索取号:R155.5/72=2] 在馆    
7 0564823   205648236   第三借阅区/ [索取号:R155.5/72=2] 在馆    
8 0564824   205648245   教育系资料室/ [索取号:R155.5/72=2] 在馆    
唐山师范学院图书馆 欢迎您!
大连网信软件有限公司© 版权所有